|
|
|
|
| LEADER |
00732nab a2200193 i 4500 |
| 001 |
tisza7986 |
| 005 |
20200330134018.0 |
| 008 |
170712s1973 hu o 0|| hun d |
| 022 |
|
|
|a 0133-1167
|
| 040 |
|
|
|a SZTE Tiszatáj Archívum
|b hun
|
| 041 |
|
|
|a hun
|
| 100 |
1 |
|
|a Ferenczi Imre
|
| 245 |
1 |
2 |
|a A Nap húga meg a pakulár
|h [elektronikus dokumentum] :
|b Maros menti, kalotaszegi és mezőségi mesék : gyűjtötte, az előszót és a jegyzeteket írta Nagy Olga /
|c Ferenczi Imre
|
| 260 |
|
|
|c 1973
|
| 300 |
|
|
|a 113-115
|
| 490 |
0 |
|
|a Tiszatáj
|v 27 No. 8
|
| 695 |
|
|
|a Népmese - magyar - Erdély - könyvismertetés
|
| 700 |
0 |
1 |
|a Nagy Olga
|
| 856 |
4 |
0 |
|u http://tiszataj.bibl.u-szeged.hu/7986/1/tiszataj_1973_008_113-115.pdf
|z Dokumentum-elérés
|